00314 a2200133 4500003000400000005001700004008004100021020001800062040000900080082002000089245003500109260002700144300000900171OSt20231109145640.0231109b |||||||| |||| 00| 0 eng d a9789392455094 coclc a894.8129bJAY/C aC H Muhammed Koya Smaranakal / aKerala:bGrace,c2022. a161p